000 00509pab a2200181 454500
008 180718b2014 xxu||||| |||| 00| 0 eng d
100 _aMok, Ka Ho
245 _aThe quest for sustainable livelihoods: Social development challenges and social policy responses in Guangzhou, China
260 _c2014
300 _ap.239-250.
362 _aApr
650 _aSocial policy
650 _aSocial welfare
700 _aLau, Maggie
773 _aSocial Policy and Society
908 _aN
909 _a103640
999 _c103636
_d103636